000 00315nam a22001337a 4500
008 181017b xxu||||| |||| 00| 0 eng d
020 _a9781452241487
041 _aeng
080 _24 ED
_a370
100 _a48
101 _aEDU
245 _aPerspective On International Relations
_cNau.H.R
942 _2udc
_cBK
999 _c50080
_d50080